Statistics for 2013 Tennessee Volunteer Football roster

Click here to take the quiz!

General Stats

  • This quiz has been taken 24 times
  • The average score is 16 of 83

Answer Stats

Answer% Correct
11Joshua Dobbs
86%
45AJ Johnson
81%
81Jonathon Johnson
81%
28Lemond Johnson
81%
14Justin Worley
76%
8Marquez North
62%
23Cameron Sutton
52%
20Rajion Neal
52%
34Jalen Reeves-Maybin
48%
54Jordan Williams
48%
2Alton Howard
43%
56Curt Maggitt
43%
55Jacques Smith
43%
25Josh Smith
43%
1Michael Palardy
43%
12Nathan Peterman
43%
29Tom Smith
43%
15Marlin Lane
38%
74Antonio Richardson
29%
18Jason Croom
29%
77Kyler Kerbyson
29%
21Riyahd Jones
29%
37Brian Randolph
24%
27Justin Coleman
24%
75Marcus Jackson
24%
10Riley Ferguson
24%
98Daniel McCullers
19%
19devrin Young
19%
70Ja'Wuan James
19%
33Ladarrell Mcneil
19%
90Malik Brown
19%
6Vincent Dallas
19%
3Byron Moore
14%
94Jason Carr
14%
43Matt Darr
14%
31Tino Thomas
14%
30Alden Hill
10%
17Brent Brewer
10%
83Cody Blanc
10%
50Corey Vereen
10%
97Daniel Hood
10%
95Danny O'Brien
10%
26Derrik Brodus
10%
13Devaun Swafford
10%
48Greg King
10%
64James Stone
10%
38Justin King
10%
57Mack Crowder
10%
22Malik Foreman
10%
58Marlon Walls
10%
72Zach Fulton
10%
86AJ Branisel
5%
67Alan Posey
5%
78Alex Bullard
5%
40Alex Ellis
5%
69Allan Carson
5%
85Brendan Downs
5%
63Brett Kendrick
5%
52Christian Harris
5%
80Corey Miller
5%
41Dontavis Sapp
5%
93Gregory Clark
5%
87Jacob Carter
5%
89Jaylen Miller
5%
88Joseph Ayres
5%
51Kenny Bynum
5%
4LaTroy Lewis
5%
30Max Arnold
5%
1Paul Harris
5%
40Raiques Crump
5%
5Ryan Jenkins
5%
96Trevarris Saulsberry
5%
60Austin Sanders
0%
7Drae Bowles
0%
71Dylan Wiesman
0%
5George Bullock
0%
26Geraldo Orta
0%
35Jaron Toney
0%
47John Probst
0%
82Justin Meredith
0%
39Kendal Vickers
0%
66Marques Pair
0%
84Woody Quinn
0%

Score Distribution

Percentile by Number Answered

Percent of People with Each Score

Your Score History

You have not taken this quiz